Illustrated dictionary of cargo handling / (Record no. 532975)

000 -LEADER
fixed length control field 00998cam a22002894a 4500
001 - CONTROL NUMBER
control field 16501426
003 - CONTROL NUMBER IDENTIFIER
control field NUST
005 - DATE AND TIME OF LATEST TRANSACTION
control field 20191209131556.0
008 - FIXED-LENGTH DATA ELEMENTS--GENERAL INFORMATION
fixed length control field 101014s2010 enkab d 000 0 eng
010 ## - LIBRARY OF CONGRESS CONTROL NUMBER
LC control number 2010513759
020 ## - INTERNATIONAL STANDARD BOOK NUMBER
International Standard Book Number 9781843118824
038 ## - RECORD CONTENT LICENSOR
Staff Name MSOHAIL
040 ## - CATALOGING SOURCE
Original cataloging agency DLC
Transcribing agency DLC
Modifying agency DLC
050 00 - LIBRARY OF CONGRESS CALL NUMBER
Classification number VK235
Item number .B68 2010
082 00 - DEWEY DECIMAL CLASSIFICATION NUMBER
Classification number 623.8881
Edition number 22
100 1# - MAIN ENTRY--PERSONAL NAME
Personal name Brodie, Peter R.,
Dates associated with a name 1947-
9 (RLIN) 26621
245 10 - TITLE STATEMENT
Title Illustrated dictionary of cargo handling /
Statement of responsibility, etc. by Peter R. Brodie.
250 ## - EDITION STATEMENT
Edition statement 3rd ed.
260 ## - PUBLICATION, DISTRIBUTION, ETC.
Place of publication, distribution, etc. London :
Name of publisher, distributor, etc. Lloyd's List,
Date of publication, distribution, etc. 2010
300 ## - PHYSICAL DESCRIPTION
Extent xxiv, 199 p. :
Other physical details ill., maps ;
Dimensions 25 cm.
500 ## - GENERAL NOTE
General note Maps on lining papers.
650 #0 - SUBJECT ADDED ENTRY--TOPICAL TERM
Topical term or geographic name entry element Cargo handling
Form subdivision Dictionaries.
9 (RLIN) 26622
650 #0 - SUBJECT ADDED ENTRY--TOPICAL TERM
Topical term or geographic name entry element Cargo handling
General subdivision Equipment and supplies
Form subdivision Dictionaries.
9 (RLIN) 26623
906 ## - LOCAL DATA ELEMENT F, LDF (RLIN)
a 7
b cbc
c orignew
d 2
e ncip
f 20
g y-gencatlg
942 ## - ADDED ENTRY ELEMENTS (KOHA)
Source of classification or shelving scheme
Koha item type Book
Holdings
Withdrawn status Lost status Source of classification or shelving scheme Damaged status Not for loan Permanent Location Current Location Date acquired Total Checkouts Full call number Barcode Date last seen Price effective from Koha item type
          School of Civil and Environmental Engineering (SCEE) School of Civil and Environmental Engineering (SCEE) 12/09/2019   623.8881 NIT-12757 12/09/2019 12/09/2019 Book
© 2023 Central Library, National University of Sciences and Technology. All Rights Reserved.